Analysis of Reinforced Concrete Frames

Guardado en:
Detalles Bibliográficos
Autor principal: Aden, Abdihakim (Autor)
Otros Autores: Bekö, Adrián (Orientador)
Formato: Manuscrito Libro
Lenguaje:eslovaco
inglés
Publicado: 2023
Materias:
Acceso en línea:http://is.stuba.sk/zp/portal_zp.pl?podrobnosti=162208
https://opac.crzp.sk/?fn=detailBiblioForm&sid=0A15AC6E5E2ED0F3D5D4C0342BCF
Etiquetas: Agregar Etiqueta
Sin Etiquetas, Sea el primero en etiquetar este registro!

MARC

LEADER 00000ntm a22000003a 4500
001 stuzp93844
003 SK-STU
005 20230914111159.4
007 ta
008 150427s2015----xo-----f-mn---000-0-slo-d
040 |a STU  |b slo 
041 0 |a eng 
100 1 |a Aden, Abdihakim  |u 010250  |4 aut  |U SvF Stavebná fakulta  |T SvF Katedra stavebnej mechaniky  |X 110435  |U V250  |Y 26  |7 110435 
242 0 1 |a Analysis of Reinforced concrete frame  |y slo 
245 1 0 |a Analysis of Reinforced Concrete Frames 
260 |c 2023 
650 4 |a Analysis of  |2 slo 
650 4 |a Reinforced concrete  |2 slo 
650 4 |a Frame  |2 slo 
650 4 |a Frame  |2 eng 
650 4 |a Analysis of  |2 eng 
650 4 |a Reinforced conrete  |2 eng 
700 1 |a Bekö, Adrián  |u 010250  |k Z1  |4 ths  |U SvF Stavebná fakulta  |T SvF Katedra stavebnej mechaniky  |X 38274  |U V250  |Y 26  |7 A000038274 
856 4 |u http://is.stuba.sk/zp/portal_zp.pl?podrobnosti=162208 
856 4 |u https://opac.crzp.sk/?fn=detailBiblioForm&sid=0A15AC6E5E2ED0F3D5D4C0342BCF